| 000 | 01093nam a22002297a 4500 | ||
|---|---|---|---|
| 001 | 0000000883 | ||
| 003 | PPM | ||
| 005 | 20260401111410.0 | ||
| 008 | 260401b ||||| |||| 00| 0 eng d | ||
| 035 | _a0000000883 | ||
| 040 |
_aPPM _bEng _cPusat Penyelidikan Mineral, Jabatan Mineral Dan Geosains Malaysia _dPPM _eRDA |
||
| 100 | 1 |
_aDr. Tinesha a/p Selvaraj _eauthor |
|
| 245 | 1 | 0 |
_aLaporan PPM R025/2025 : Investigation Of Dissolution Process On Rare Earth Oxalate (REOx), SIK, Kedah Via Chloride-Based Medium , Disember 2025 / _cby Dr. Tinesha a/p Selvaraj, Mohd Syahrir b. Mohd Rozi, Roshaida bt Arbain, ChM. Anuar b. Othman, Ts. Costantine Joannes |
| 260 |
_aPerak : _bPusat Penyelidikan Mineral, Jabatan Mineral Dan Geosains Malaysia _c2025 |
||
| 300 | 0 | 0 |
_aviii, 11 pages .: _bsome colour, illustrations .; _c29 cm |
| 504 | _aIncludes bibliographical references | ||
| 700 | 1 |
_aMohd Syahrir b. Mohd Rozi _ejoint author |
|
| 700 | 1 |
_aRoshaida bt Arbain _ejoint author |
|
| 700 | 1 |
_aChM. Anuar b. Othman _ejoint author |
|
| 700 | 1 |
_aTs. Costantine Joannes _ejoint author |
|
| 942 |
_2ddc _cRPT |
||
| 999 |
_c27183 _d27183 |
||